000
00319nam a2200133Ia 4500
008
231017s9999 xx 000 0 und d
082
_a
624.1834
082
_b
PRE
245
0
_a
Prestress manual
245
0
_c
Department of Transportation
260
_b
Department of Transportation
300
_c
30cm
942
_c
REP
999
_c
605618
_d
605618